अलौकिक की तलाश में : (Record no. 27490)

MARC details
000 -LEADER
fixed length control field 01554nam a22002897a 4500
005 - DATE AND TIME OF LATEST TRANSACTION
control field 20090616120752.0
008 - FIXED-LENGTH DATA ELEMENTS--GENERAL INFORMATION
fixed length control field 090616t xxu||||| |||| 00| 0 hin d
010 ## - LCCN (DPL NO)
LC control number HIN-86930
020 ## - INTERNATIONAL STANDARD BOOK NUMBER
International Standard Book Number 9788190718707
Terms of availability 375.00
035 ## - SYSTEM CONTROL NUMBER
System control number HN-59276
037 ## - SOURCE OF ACQUISITION
Source of stock number/acquisition DBAD / PUB
040 ## - CATALOGING SOURCE
Original cataloging agency dpl
Language of cataloging hn
082 ## - DEWEY DECIMAL CLASSIFICATION NUMBER
Classification number 197
100 ## - MAIN ENTRY--PERSONAL NAME
Personal name ऑस्पेन्स्की, पी.डी.
245 ## - TITLE STATEMENT
Title अलौकिक की तलाश में :
Statement of responsibility, etc पी.डी.ऑस्पेन्स्की
Remainder of title एक अज्ञात विद्या के अंश /
246 ## - VARYING FORM OF TITLE
Title proper/short title Alaukika kii talaasha men
Remainder of title by P.D.Ospenski
260 ## - PUBLICATION, DISTRIBUTION, ETC. (IMPRINT)
Place of publication, distribution, etc गुड़गाँव्
Name of publisher, distributor, etc गुर्जि़एफ़ फाउण्डेशन ऑफ इंडिया
Date of publication, distribution, etc 2008
270 ## - ADDRESS
Address सेक्टर-32, प्लॉट 42, इन्स्टीट्यूशनल एरिया,
City गुड़गांव
Postal code 122001
Electronic mail address info@gurdjieff.in
300 ## - PHYSICAL DESCRIPTION
Extent 496पृ.
Dimensions 22सेमी (सजिल्द)
600 ## - SUBJECT ADDED ENTRY--PERSONAL NAME
Personal name ऑस्पेन्स्की, पी. डी. ,1878-1947.
600 ## - SUBJECT ADDED ENTRY--PERSONAL NAME
Personal name Uspenski, P. D. ,1878-1947.
650 ## - SUBJECT ADDED ENTRY--TOPICAL TERM
Topical term or geographic name as entry element Fourth Way (Occultism)
650 ## - SUBJECT ADDED ENTRY--TOPICAL TERM
Topical term or geographic name as entry element चतुर्थ मार्ग (गुप्त विद्या)
650 ## - SUBJECT ADDED ENTRY--TOPICAL TERM
Topical term or geographic name as entry element Fourth Way (Occultism)
942 ## - ADDED ENTRY ELEMENTS (KOHA)
Source of classification or shelving scheme Dewey Decimal Classification
Item type Hindi Books
Call number suffix ऑस्पेन्स्की
Classification part 197
Holdings
Withdrawn status Lost status Source of classification or shelving scheme Damaged status Not for loan Home library Current library Date acquired Source of acquisition Cost, normal purchase price Total Checkouts Full call number Barcode Date last seen Copy number Cost, replacement price Koha item type
    Dewey Decimal Classification   Not For Loan D.B.Act.Division D.B.Act.Division 16/06/2009 DBAD / PUB 375.00   197 ऑस्पेन्स्की HN-59276 16/06/2009 1 375.00 Hindi Books

© Delhi Public Library
Hit Counter
free hit counter